El Libro de los muertos de los antiguos egipcios... El Bardo Thodol, libro tibetano de los espíritus del más allá... / (Record no. 92220)

MARC details
000 -LEADER
campo de control de longitud fija 00764nam a2200205 i 4500
001 - NÚMERO DE CONTROL
campo de control 92220
003 - IDENTIFICADOR DE NÚMERO DE CONTROL
campo de control ES-MaACL
005 - FECHA Y HORA DE LA ÚLTIMA TRANSACCIÓN
campo de control 20251201193353.0
007 - CAMPO FIJO DE DESCRIPCIÓN FÍSICA--INFORMACIÓN GENERAL
campo de control de longitud fija t|
008 - DATOS DE LONGITUD FIJA--INFORMACIÓN GENERAL
campo de control de longitud fija 050223s1962 sp ||||1| spa d
130 3# - ENTRADA PRINCIPAL--TÍTULO UNIFORME
Título uniforme El libro de los muertos.
9 (RLIN) 184246
245 13 - MENCIÓN DEL TÍTULO
Título El Libro de los muertos de los antiguos egipcios... El Bardo Thodol, libro tibetano de los espíritus del más allá... /
Mención de responsabilidad, etc. Traducidos, prologados y anotados por Juan B. Bergua.
260 ## - PUBLICACIÓN, DISTRIBUCIÓN, ETC.
Lugar de publicación, distribución, etc. Madrid :
Nombre del editor, distribuidor, etc. [s.n.,
Fecha de publicación, distribución, etc. 1962] (
Lugar de fabricación/manufactura Avila :
Fabricante Gráf. Senén Martin)
300 ## - DESCRIPCIÓN FÍSICA
Extensión 554 p. ;
Dimensiones 17 cm.
500 ## - NOTA GENERAL
Nota general Primer libro escatológico de la humanidad.
700 1# - ENTRADA AGREGADA--NOMBRE PERSONAL
Nombre de persona Bergua, Juan B.,
Fechas asociadas al nombre 1892-1991
9 (RLIN) 28018
740 3# - ENTRADA AGREGADA--TÍTULO RELACIONADO/ANALÍTICO NO CONTROLADO
Título relacionado o analítico no controlado El Bardo Thodol.
852 ## - LOCALIZACIÓN
Ubicación ES-MaACL
Número de control de estantería E-3842
Sublocalización o colección R.50681
Holdings
Estatus retirado Estado de pérdida Estado de daño No para préstamo Biblioteca de origen Biblioteca actual Ubicación en estantería Fecha de adquisición Fuente de adquisición Total de préstamos Signatura topográfica completa Código de barras Visto por última vez Precio de reemplazo Tipo de ítem Koha
        Biblioteca del Ateneo de Madrid Biblioteca del Ateneo de Madrid Depósito 2 17/01/2008     E-3842 1096280 23/02/2023 23/02/2023 Libro impreso